LEADER 01183nam--2200397---450- 001 990001192010203316 005 20031222130713.0 010 $a88-491-1378-1 035 $a000119201 035 $aUSA01000119201 035 $a(ALEPH)000119201USA01 035 $a000119201 100 $a20031013d1999----km-y0enga50------ba 101 0 $aita 102 $aIT 105 $aa|||z|||001yy 200 1 $aComponenti e circuiti ottici$fPaolo Bassi, Gaetano Bellanca, Giovanni Tartarini 210 $aBologna$cCLUEB$d1999 215 $av.$cill.$d30 cm 225 2 $aManuali & antologie 410 0$12001$aManuali & antologie 606 0 $aOptoelettronica 676 $a621.381045 700 1$aBASSI,$bPaolo$0183660 701 1$aBELLANCA,$bGaetano$0555839 701 1$aTARTARINI,$bGiovanni$0555840 801 0$aIT$bsalbc$gISBD 912 $a990001192010203316 951 $a621.381045 BAS A$b17689 Ing.$c621.381045$d00089301 959 $aBK 969 $aTEC 979 $aMARIA$b10$c20031013$lUSA01$h0916 979 $aRENATO$b90$c20031222$lUSA01$h1307 979 $aPATRY$b90$c20040406$lUSA01$h1725 996 $aComponenti e circuiti ottici$9985393 997 $aUNISA LEADER 02611oam 2200625I 450 001 9910459823403321 005 20200520144314.0 010 $a1-283-10504-7 010 $a9786613105042 010 $a1-136-85987-X 010 $a0-203-83592-1 024 7 $a10.4324/9780203835920 035 $a(CKB)2670000000082029 035 $a(EBL)668799 035 $a(OCoLC)720321321 035 $a(SSID)ssj0000516851 035 $a(PQKBManifestationID)12230554 035 $a(PQKBTitleCode)TC0000516851 035 $a(PQKBWorkID)10476998 035 $a(PQKB)10132739 035 $a(MiAaPQ)EBC668799 035 $a(Au-PeEL)EBL668799 035 $a(CaPaEBR)ebr10462717 035 $a(CaONFJC)MIL310504 035 $a(EXLCZ)992670000000082029 100 $a20180706d2011 uy 0 101 0 $aeng 135 $aur|n|---||||| 181 $ctxt 182 $cc 183 $acr 200 00$aNeuroscience of decision making /$fedited by Oshin Vartanian & David R. Mandel 210 1$aNew York :$cPsychology Press,$d2011. 215 $a1 online resource (369 p.) 225 1 $aContemporary topics in cognitive neuroscience series 300 $aDescription based upon print version of record. 311 $a1-84169-489-4 320 $aIncludes bibliographical references and indexes. 327 $asection 1. Theoretical models -- section 2. Risk and uncertainty -- section 3. Reward and loss -- section 4. Cooperation and trust -- section 5. Goal-directed decision making. 330 $aThe intersection between the fields of behavioral decision research and neuroscience has proved to be fertile ground for interdisciplinary research. Whereas the former is rich in formalized models of choice, the latter is rife with techniques for testing behavioral models at the brain level. As a result, there has been the rapid emergence of progressively more sophisticated biological models of choice, geared toward the development of ever more complete mechanistic models of behavior.This volume provides a coherent framework for distilling some of the key themes that have emerged as 410 0$aContemporary topics in cognitive neuroscience series. 606 $aDecision making 608 $aElectronic books. 615 0$aDecision making. 676 $a153.83 676 $a616.8 701 $aMandel$b David R.$f1966-$0934078 701 $aVartanian$b Oshin$f1970-$0934079 801 0$bMiAaPQ 801 1$bMiAaPQ 801 2$bMiAaPQ 906 $aBOOK 912 $a9910459823403321 996 $aNeuroscience of decision making$92103034 997 $aUNINA LEADER 01647nam a2200301 i 4500 001 991003168419707536 008 071228s2007 it 000 0 ita d 035 $ab13642479-39ule_inst 040 $aSet. Economia - SAGA$bita 082 04$a338.4791068 100 1 $aTurco, Mario$0476670 245 10$aAnalisi economico-gestionale delle imprese turistico ricettive operanti nell'area jonico-salentina :$b(triennio 2003-2005) /$cMario Turco, Simona Marchetti 260 $aBari :$bCacucci,$c2007 300 $a277 p. ;$c24 cm 440 0$aCollana dei quaderni della rivista;$v3 650 4$aAziende turistiche$zSalento 700 1 $aMarchetti, Simona$eauthor$4http://id.loc.gov/vocabulary/relators/aut$0595569 772 0 $tEconomia, azienda e sviluppo 907 $a.b13642479$b13-05-10$c10-01-08 912 $a991003168419707536 945 $aLE025 ECO 338.4 TUR01.01$g1$i2025000214781$lle025$o-$pE7.50$q-$rn$so $t0$u4$v1$w4$x0$y.i14644964$z10-01-08 945 $aLE025 ECO 338.4 TUR01.01$g2$i2025000214798$lle025$o-$pE7.50$q-$rn$so $t0$u1$v0$w1$x0$y.i14644988$z10-01-08 945 $aLE025 ECO 338.4 TUR01.01$g3$i2025000214804$lle025$o-$pE7.50$q-$rl$s- $t0$u7$v3$w7$x0$y.i14645038$z10-01-08 945 $aLE025 ECO 338.4 TUR01.01$g4$i2025000214811$lle025$o-$pE7.50$q-$rl$s- $t0$u3$v2$w3$x0$y.i1464504x$z10-01-08 945 $aLE025 ECO 338.4 TUR01.01$g5$i2025000214828$lle025$o-$pE7.50$q-$rl$s- $t0$u3$v0$w3$x0$y.i14645051$z10-01-08 996 $aAnalisi economico-gestionale delle imprese turistico ricettive operanti nell'area jonico-salentina$91463834 997 $aUNISALENTO 998 $ale025$b28-12-07$cm$da $e-$fita$git $h0$i0